<?xml version="1.0" encoding="UTF-8"?>
<record
    xmlns:xsi="http://www.w3.org/2001/XMLSchema-instance"
    xsi:schemaLocation="http://www.loc.gov/MARC21/slim http://www.loc.gov/standards/marcxml/schema/MARC21slim.xsd"
    xmlns="http://www.loc.gov/MARC21/slim">

  <leader>00393nam a22001577a 4500</leader>
  <controlfield tag="003">OSt</controlfield>
  <controlfield tag="005">20260415154050.0</controlfield>
  <controlfield tag="008">260415b        |||||||| |||| 00| 0 eng d</controlfield>
  <datafield tag="020" ind1=" " ind2=" ">
    <subfield code="a">9789349865440</subfield>
  </datafield>
  <datafield tag="040" ind1=" " ind2=" ">
    <subfield code="c">HUMAN ANATOMY AND PHYSIOLOGY</subfield>
  </datafield>
  <datafield tag="100" ind1=" " ind2=" ">
    <subfield code="a">DAS, MANAS KUMAR </subfield>
  </datafield>
  <datafield tag="245" ind1=" " ind2=" ">
    <subfield code="a">HUMAN ANATOMY AND PHYSIOLOGY</subfield>
  </datafield>
  <datafield tag="260" ind1=" " ind2=" ">
    <subfield code="a">RUDRANSH</subfield>
    <subfield code="b">NEW DELHI</subfield>
    <subfield code="c">2025</subfield>
  </datafield>
  <datafield tag="300" ind1=" " ind2=" ">
    <subfield code="a">263</subfield>
  </datafield>
  <datafield tag="942" ind1=" " ind2=" ">
    <subfield code="2">ddc</subfield>
    <subfield code="c">02</subfield>
  </datafield>
  <datafield tag="999" ind1=" " ind2=" ">
    <subfield code="c">67857</subfield>
    <subfield code="d">67857</subfield>
  </datafield>
  <datafield tag="952" ind1=" " ind2=" ">
    <subfield code="0">0</subfield>
    <subfield code="1">0</subfield>
    <subfield code="2">ddc</subfield>
    <subfield code="4">0</subfield>
    <subfield code="7">0</subfield>
    <subfield code="a">26</subfield>
    <subfield code="b">26</subfield>
    <subfield code="d">2026-04-15</subfield>
    <subfield code="g">360.00</subfield>
    <subfield code="i">GD/IN/390  11/03/2026</subfield>
    <subfield code="l">0</subfield>
    <subfield code="p">26-B-1734</subfield>
    <subfield code="r">2026-04-15</subfield>
    <subfield code="w">2026-04-15</subfield>
    <subfield code="y">02</subfield>
  </datafield>
  <datafield tag="952" ind1=" " ind2=" ">
    <subfield code="0">0</subfield>
    <subfield code="1">0</subfield>
    <subfield code="2">ddc</subfield>
    <subfield code="4">0</subfield>
    <subfield code="7">0</subfield>
    <subfield code="a">26</subfield>
    <subfield code="b">26</subfield>
    <subfield code="d">2026-04-15</subfield>
    <subfield code="g">360.00</subfield>
    <subfield code="i">GD/IN/390  11/03/2026</subfield>
    <subfield code="l">0</subfield>
    <subfield code="p">26-B-1735</subfield>
    <subfield code="r">2026-04-15</subfield>
    <subfield code="w">2026-04-15</subfield>
    <subfield code="y">02</subfield>
  </datafield>
  <datafield tag="952" ind1=" " ind2=" ">
    <subfield code="0">0</subfield>
    <subfield code="1">0</subfield>
    <subfield code="2">ddc</subfield>
    <subfield code="4">0</subfield>
    <subfield code="7">0</subfield>
    <subfield code="a">26</subfield>
    <subfield code="b">26</subfield>
    <subfield code="d">2026-04-15</subfield>
    <subfield code="g">360.00</subfield>
    <subfield code="i">GD/IN/390  11/03/2026</subfield>
    <subfield code="l">0</subfield>
    <subfield code="p">26-B-1736</subfield>
    <subfield code="r">2026-04-15</subfield>
    <subfield code="w">2026-04-15</subfield>
    <subfield code="y">02</subfield>
  </datafield>
  <datafield tag="952" ind1=" " ind2=" ">
    <subfield code="0">0</subfield>
    <subfield code="1">0</subfield>
    <subfield code="2">ddc</subfield>
    <subfield code="4">0</subfield>
    <subfield code="7">0</subfield>
    <subfield code="a">26</subfield>
    <subfield code="b">26</subfield>
    <subfield code="d">2026-04-15</subfield>
    <subfield code="g">360.00</subfield>
    <subfield code="i">GD/IN/390  11/03/2026</subfield>
    <subfield code="l">0</subfield>
    <subfield code="p">26-B-1737</subfield>
    <subfield code="r">2026-04-15</subfield>
    <subfield code="w">2026-04-15</subfield>
    <subfield code="y">02</subfield>
  </datafield>
  <datafield tag="952" ind1=" " ind2=" ">
    <subfield code="0">0</subfield>
    <subfield code="1">0</subfield>
    <subfield code="2">ddc</subfield>
    <subfield code="4">0</subfield>
    <subfield code="7">0</subfield>
    <subfield code="a">26</subfield>
    <subfield code="b">26</subfield>
    <subfield code="d">2026-04-15</subfield>
    <subfield code="g">360.00</subfield>
    <subfield code="i">GD/IN/390  11/03/2026</subfield>
    <subfield code="l">0</subfield>
    <subfield code="p">26-B-1738</subfield>
    <subfield code="r">2026-04-15</subfield>
    <subfield code="w">2026-04-15</subfield>
    <subfield code="y">02</subfield>
  </datafield>
  <datafield tag="952" ind1=" " ind2=" ">
    <subfield code="0">0</subfield>
    <subfield code="1">0</subfield>
    <subfield code="2">ddc</subfield>
    <subfield code="4">0</subfield>
    <subfield code="7">0</subfield>
    <subfield code="a">26</subfield>
    <subfield code="b">26</subfield>
    <subfield code="d">2026-04-15</subfield>
    <subfield code="g">360.00</subfield>
    <subfield code="i">GD/IN/390  11/03/2026</subfield>
    <subfield code="l">0</subfield>
    <subfield code="p">26-B-1739</subfield>
    <subfield code="r">2026-04-15</subfield>
    <subfield code="w">2026-04-15</subfield>
    <subfield code="y">02</subfield>
  </datafield>
  <datafield tag="952" ind1=" " ind2=" ">
    <subfield code="0">0</subfield>
    <subfield code="1">0</subfield>
    <subfield code="2">ddc</subfield>
    <subfield code="4">0</subfield>
    <subfield code="7">0</subfield>
    <subfield code="a">26</subfield>
    <subfield code="b">26</subfield>
    <subfield code="d">2026-04-15</subfield>
    <subfield code="g">360.00</subfield>
    <subfield code="i">GD/IN/390  11/03/2026</subfield>
    <subfield code="l">0</subfield>
    <subfield code="p">26-B-1740</subfield>
    <subfield code="r">2026-04-15</subfield>
    <subfield code="w">2026-04-15</subfield>
    <subfield code="y">02</subfield>
  </datafield>
  <datafield tag="952" ind1=" " ind2=" ">
    <subfield code="0">0</subfield>
    <subfield code="1">0</subfield>
    <subfield code="2">ddc</subfield>
    <subfield code="4">0</subfield>
    <subfield code="7">0</subfield>
    <subfield code="a">26</subfield>
    <subfield code="b">26</subfield>
    <subfield code="d">2026-04-15</subfield>
    <subfield code="g">360.00</subfield>
    <subfield code="i">GD/IN/390  11/03/2026</subfield>
    <subfield code="l">0</subfield>
    <subfield code="p">26-B-1741</subfield>
    <subfield code="r">2026-04-15</subfield>
    <subfield code="w">2026-04-15</subfield>
    <subfield code="y">02</subfield>
  </datafield>
  <datafield tag="952" ind1=" " ind2=" ">
    <subfield code="0">0</subfield>
    <subfield code="1">0</subfield>
    <subfield code="2">ddc</subfield>
    <subfield code="4">0</subfield>
    <subfield code="7">0</subfield>
    <subfield code="a">26</subfield>
    <subfield code="b">26</subfield>
    <subfield code="d">2026-04-15</subfield>
    <subfield code="g">360.00</subfield>
    <subfield code="i">GD/IN/390  11/03/2026</subfield>
    <subfield code="l">0</subfield>
    <subfield code="p">26-B-1742</subfield>
    <subfield code="r">2026-04-15</subfield>
    <subfield code="w">2026-04-15</subfield>
    <subfield code="y">02</subfield>
  </datafield>
  <datafield tag="952" ind1=" " ind2=" ">
    <subfield code="0">0</subfield>
    <subfield code="1">0</subfield>
    <subfield code="2">ddc</subfield>
    <subfield code="4">0</subfield>
    <subfield code="7">0</subfield>
    <subfield code="a">26</subfield>
    <subfield code="b">26</subfield>
    <subfield code="d">2026-04-15</subfield>
    <subfield code="g">360.00</subfield>
    <subfield code="i">GD/IN/390  11/03/2026</subfield>
    <subfield code="l">0</subfield>
    <subfield code="p">26-B-1743</subfield>
    <subfield code="r">2026-04-15</subfield>
    <subfield code="w">2026-04-15</subfield>
    <subfield code="y">02</subfield>
  </datafield>
</record>
